000 00656nam a2200193Ia 4500
008 151121s9999||||xx |||||||||||||| ||und||
082 _a360/वाघ
082 _bHNW-58890
100 _aवाघ अनुताई
245 _aदाभोणच्या जंगलातून
260 _b"साके त प्रकाशन, औरंगाबाद।"
260 _c--
300 _a105
600 _aवाघ अनुताई
630 _aदाभोणच्या जंगलातून
700 _aवाघ अनुताई
730 _aदाभोणच्या जंगलातून
942 _cBOOK
999 _c1240676
_d1240673